[Event "e2e4 Brighton Open"]
[Site "Brighton"]
[Date "2010.11.13"]
[Round "3"]
[White "Jaszkiwskyj, Peter"]
[Black "Radovanovic, Jovica"]
[Result "0-1"]
[WhiteElo "1996"]
[BlackElo "2276"]
[PlyCount "60"]
[EventDate "2010.11.12"]
[EventType "swiss"]
[EventRounds "5"]
[EventCountry "ENG"]
[SourceTitle "BritBase"]
[Source "John Saunders"]
[SourceDate "2024.12.03"]
[SourceVersion "1"]
[SourceVersionDate "2024.12.03"]
[SourceQuality "1"]

1. d4 Nf6 2. Nf3 e6 3. c4 d5 4. Nc3 Bb4 5. Bg5 h6 6. Bh4 dxc4 7. Qa4+ Nc6 8. e3 Qd5 9. Be2 Ne4 10. Rc1 Bd7 11. Qc2 O-O 12. O-O Bxc3 13. bxc3 b5 14. Rb1 Rab8 15. Rfd1 f5 16. Ne1 Be8 17. f3 Nd6 18. Bg3 Bg6 19. f4 Ne4 20. Nf3 Bh5 21. Bh4 Kh8 22. h3 a6 23. Kh2 Rg8 24. Ne5 Bxe2 25. Nf7+ Kh7 26. Qxe2 Kg6 27. Ne5+ Nxe5 28. dxe5 Nxc3 29. Rxd5 Nxe2 30. Rd7 c3 0-1

[Event "e2e4 Brighton Open"]
[Site "Brighton"]
[Date "2010.11.13"]
[Round "3"]
[White "Kane, Robert"]
[Black "Player, Edmund C"]
[Result "0-1"]
[WhiteElo "1875"]
[BlackElo "2187"]
[PlyCount "84"]
[EventDate "2010.11.12"]
[EventType "swiss"]
[EventRounds "5"]
[EventCountry "ENG"]
[SourceTitle "BritBase"]
[Source "John Saunders"]
[SourceDate "2024.12.03"]
[SourceVersion "1"]
[SourceVersionDate "2024.12.03"]
[SourceQuality "1"]

1. d4 d5 2. Nf3 Bg4 3. c4 Bxf3 4. exf3 Nc6 5. Nc3 Nf6 6. Bf4 e6 7. c5 Nd7 8. Bb5 Ndb8 9. Qb3 Qc8 10. O-O-O a6 11. Bxc6+ Nxc6 12. Bg5 Be7 13. h4 O-O 14. g4 Rb8 15. Bxe7 Nxe7 16. Ne2 b6 17. cxb6 Rxb6 18. Qe3 Qb7 19. b3 a5 20. Nc3 Qc6 21. Kd2 Qd6 22. f4 Rb4 23. Qe5 Qxe5 24. fxe5 Rxd4+ 25. Ke3 Rxg4 26. Nb5 Re4+ 27. Kd3 c6 28. Nd6 Rxe5 29. h5 Rg5 30. Rh4 Nf5 31. Nxf5 Rxf5 32. Ke3 c5 33. Rc1 d4+ 34. Ke2 Rd8 35. h6 d3+ 36. Kf1 gxh6 37. Ra4 e5 38. Rxa5 e4 39. Kg2 Rd6 40. Ra8+ Kg7 41. Re8 Rg6+ 42. Kf1 Rfg5 0-1

[Event "e2e4 Brighton Open"]
[Site "Brighton"]
[Date "2010.11.13"]
[Round "3"]
[White "Ledger, David J"]
[Black "Lock, Gavin R"]
[Result "1-0"]
[WhiteElo "2261"]
[BlackElo "2182"]
[PlyCount "162"]
[EventDate "2010.11.12"]
[EventType "swiss"]
[EventRounds "5"]
[EventCountry "ENG"]
[SourceTitle "BritBase"]
[Source "John Saunders"]
[SourceDate "2024.12.03"]
[SourceVersion "1"]
[SourceVersionDate "2024.12.03"]
[SourceQuality "1"]

1. e4 e6 2. d4 d5 3. Nc3 Nc6 4. e5 Nge7 5. Nf3 Nf5 6. h4 h5 7. Ne2 Be7 8. g3 b6 9. Nf4 Bb7 10. c3 Qd7 11. Ng5 g6 12. Ng2 Na5 13. Bd3 c5 14. Bxf5 exf5 15. O-O Qc6 16. Re1 Bxg5 17. Bxg5 Bc8 18. Nf4 Be6 19. Bf6 Rg8 20. b3 c4 21. b4 Nb7 22. Qd2 Kd7 23. a4 Kc7 24. Qe3 Qd7 25. Reb1 Qc6 26. Rb2 Qd7 27. Nh3 Nd8 28. Qh6 Nc6 29. Qf4 Kb7 30. Ng5 Rgc8 31. Nh7 Ne7 32. Qf3 a6 33. Bxe7 Qxe7 34. Nf6 Rd8 35. Qf4 Rac8 36. Kf1 Rh8 37. Qg5 Qc7 38. Ke2 Ka7 39. Ke3 Rcd8 40. Rba2 Kb7 41. f3 Ka7 42. a5 b5 43. Rg2 Kb7 44. Qf4 Qe7 45. Re1 Kc6 46. Kd2 Kb7 47. Rh1 Kc6 48. Rhh2 Kb7 49. Qg5 Qc7 50. g4 hxg4 51. fxg4 fxg4 52. h5 gxh5 53. Rxh5 Rxh5 54. Qxh5 Qc8 55. Nxg4 Rg8 56. Ne3 Kc6 57. Rxg8 Qxg8 58. Qh2 Qg6 59. Qe2 Qb1 60. Qf1 Qb2+ 61. Nc2 Qa2 62. Qa1 Qb3 63. Kc1 Bf5 64. Ne3 Be4 65. Qb2 Qa4 66. Kd2 Kd7 67. Ke1 Ke6 68. Kf2 Kd7 69. Kg3 Qb3 70. Qa1 Ke6 71. Kf4 Bb1 72. Kg5 Bg6 73. Kh6 Qb1 74. Qxb1 Bxb1 75. Kg7 Be4 76. Ng4 Bf3 77. Nf6 Ke7 78. Ng8+ Ke6 79. Kf8 Bh5 80. Nf6 Bg6 81. Ke8 Kf5 {time} 1-0

[Event "e2e4 Brighton Open"]
[Site "Brighton"]
[Date "2010.11.13"]
[Round "3"]
[White "Madan, Augustin"]
[Black "Seyfried, Claus"]
[Result "1/2-1/2"]
[WhiteElo "2339"]
[BlackElo "2160"]
[PlyCount "102"]
[EventDate "2010.11.12"]
[EventType "swiss"]
[EventRounds "5"]
[EventCountry "ENG"]
[SourceTitle "BritBase"]
[Source "John Saunders"]
[SourceDate "2024.12.03"]
[SourceVersion "1"]
[SourceVersionDate "2024.12.03"]
[SourceQuality "1"]

1. e4 e5 2. Nf3 Nc6 3. Bc4 Nf6 4. Ng5 d5 5. exd5 Na5 6. Bb5+ c6 7. dxc6 bxc6 8. Qf3 Bb7 9. Ba4 Be7 10. O-O O-O 11. d3 Nd5 12. Ne4 f5 13. Nec3 Nb6 14. Bb3+ Nxb3 15. axb3 Qd7 16. Qe2 Bd6 17. Nd2 Nd5 18. Nc4 Nb4 19. f4 Bc5+ 20. Kh1 exf4 21. Bxf4 Rae8 22. Qd2 Bd4 23. Nd6 Re6 24. Nxb7 Qxb7 25. Rae1 Rfe8 26. Rxe6 Rxe6 27. Na4 Nd5 28. c4 Nxf4 29. Qxf4 Be3 30. Qh4 Qd7 31. Rd1 Rd6 32. Qh5 g6 33. Qe2 Bd4 34. Re1 Kf7 35. g3 c5 36. Kg2 Qb7+ 37. Kh3 Qd7 38. Qf3 Re6 39. Rxe6 Qxe6 40. Nc3 Kg7 41. Nd5 g5 42. g4 fxg4+ 43. Qxg4 Qg6 44. Kg2 h5 45. Qd7+ Qf7 46. Qxf7+ Kxf7 47. b4 cxb4 48. Nxb4 Bxb2 49. Nc6 a6 50. d4 a5 51. Nxa5 Bxd4 1/2-1/2

[Event "e2e4 Brighton Open"]
[Site "Brighton"]
[Date "2010.11.13"]
[Round "3"]
[White "Messam-Sparks, Lateefah"]
[Black "Compton, Alistair"]
[Result "1/2-1/2"]
[WhiteElo "1917"]
[BlackElo "2045"]
[PlyCount "75"]
[EventDate "2010.11.12"]
[EventType "swiss"]
[EventRounds "5"]
[EventCountry "ENG"]
[SourceTitle "BritBase"]
[Source "John Saunders"]
[SourceDate "2024.12.03"]
[SourceVersion "1"]
[SourceVersionDate "2024.12.03"]
[SourceQuality "1"]

1. d4 e6 2. e4 d5 3. Nd2 Nf6 4. e5 Nfd7 5. Bd3 c5 6. c3 Nc6 7. Ne2 cxd4 8. cxd4 f6 9. exf6 Nxf6 10. Nf3 Bd6 11. Bd2 O-O 12. O-O e5 13. dxe5 Nxe5 14. Nxe5 Bxe5 15. Bc3 Qd6 16. Bxe5 Qxe5 17. Qd2 Bd7 18. Ng3 Qd6 19. Rad1 g6 20. Qg5 Kg7 21. a3 Rae8 22. Bb1 Re5 23. Qd2 Ba4 24. Bc2 Bxc2 25. Qxc2 Rfe8 26. Qb3 R8e7 27. Qa4 a6 28. Rc1 d4 29. Rcd1 Rd5 30. Rd3 Nd7 31. Rd2 Nc5 32. Qc2 Qe5 33. b4 d3 34. Qd1 Ne6 35. Rxd3 Nf4 36. Rxd5 Nxd5 37. h3 h5 38. h4 1/2-1/2

[Event "e2e4 Brighton Open"]
[Site "Brighton"]
[Date "2010.11.13"]
[Round "3"]
[White "Millward, Kevin Philip"]
[Black "Ackley, Peter JE"]
[Result "1/2-1/2"]
[WhiteElo "1954"]
[BlackElo "2035"]
[PlyCount "30"]
[EventDate "2010.11.12"]
[EventType "swiss"]
[EventRounds "5"]
[EventCountry "ENG"]
[SourceTitle "BritBase"]
[Source "John Saunders"]
[SourceDate "2024.12.03"]
[SourceVersion "1"]
[SourceVersionDate "2024.12.03"]
[SourceQuality "1"]

1. e4 e6 2. Qe2 d6 3. g3 g6 4. Bg2 Bg7 5. c3 c5 6. d3 Nc6 7. f4 Nge7 8. Be3 b6 9. Nf3 a5 10. O-O Ba6 11. Bf2 Ra7 12. Nbd2 d5 13. e5 h5 14. Bh3 Qd7 15. Rfd1 Rc7 1/2-1/2

[Event "e2e4 Brighton Open"]
[Site "Brighton"]
[Date "2010.11.13"]
[Round "3"]
[White "Norinkeviciute, Rasa"]
[Black "Harvey, Marcus Ross"]
[Result "0-1"]
[WhiteElo "2028"]
[BlackElo "2098"]
[PlyCount "130"]
[EventDate "2010.11.12"]
[EventType "swiss"]
[EventRounds "5"]
[EventCountry "ENG"]
[SourceTitle "BritBase"]
[Source "John Saunders"]
[SourceDate "2024.12.03"]
[SourceVersion "1"]
[SourceVersionDate "2024.12.03"]
[SourceQuality "1"]

1. c4 b6 2. Nc3 Bb7 3. e4 c5 4. d3 g6 5. f4 Bg7 6. Nf3 d6 7. g3 Nc6 8. Bg2 e6 9. O-O Nge7 10. Be3 O-O 11. d4 Na5 12. b3 d5 13. cxd5 exd5 14. e5 Nf5 15. Bf2 Rc8 16. Rc1 f6 17. Re1 cxd4 18. Nxd4 Nxd4 19. Bxd4 fxe5 20. Bxe5 d4 21. Bxg7 Kxg7 22. Ne4 Qd5 23. Qd3 Rfe8 24. Rxc8 Rxc8 25. Rd1 Rd8 26. Rd2 Qd7 27. Ng5 Bxg2 28. Kxg2 Nc6 29. Qc4 Qd5+ 30. Qxd5 Rxd5 31. Kf3 h6 32. Ke4 Rd6 33. Nf3 d3 34. Ne5 Kf6 35. Nxc6 Rxc6 36. Rxd3 Ke6 37. Rd2 Rc1 38. Re2 h5 39. Kd3+ Kf5 40. Re5+ Kf6 41. Re2 Kf5 42. Re5+ Kf6 43. Re8 Rd1+ 44. Kc3 Rh1 45. Re2 Kf5 46. Re5+ Kf6 47. Re2 h4 48. Kd4 h3 49. Ke4 Rf1 50. Rd2 Ke6 51. Rc2 Rg1 52. Kf3 Kd5 53. g4 Kd4 54. f5 gxf5 55. gxf5 Ke5 56. f6 Kxf6 57. Rf2 Ke5 58. Rd2 a6 59. Re2+ Kd5 60. Ke3 Kc5 61. Kf2 Rg5 62. Kf3 b5 63. a3 a5 64. Rc2+ Kd4 65. a4 Kd3 {time} 0-1

[Event "e2e4 Brighton Open"]
[Site "Brighton"]
[Date "2010.11.13"]
[Round "3"]
[White "Tippleston, Charles E"]
[Black "Amato, Giampiero"]
[Result "1-0"]
[WhiteElo "2150"]
[BlackElo "1979"]
[PlyCount "47"]
[EventDate "2010.11.12"]
[EventType "swiss"]
[EventRounds "5"]
[EventCountry "ENG"]
[SourceTitle "BritBase"]
[Source "John Saunders"]
[SourceDate "2024.12.03"]
[SourceVersion "1"]
[SourceVersionDate "2024.12.03"]
[SourceQuality "1"]

1. e4 e5 2. Nf3 Nf6 3. d4 Nxe4 4. Bd3 d5 5. Nxe5 Nd7 6. Nxd7 Bxd7 7. O-O Qh4 8. g3 Qf6 9. Nc3 Nxc3 10. bxc3 O-O-O 11. Bf4 Bh3 12. Re1 Bd6 13. Qh5 Be6 14. Bg5 g6 15. Bxf6 gxh5 16. Bxh8 Rxh8 17. h4 c5 18. dxc5 Bxc5 19. Re5 Rg8 20. Kg2 Ba3 21. Rb1 h6 22. Bf5 Re8 23. Rbe1 Kd7 24. Rxd5+ 1-0

[Event "e2e4 Brighton Open"]
[Site "Brighton"]
[Date "2010.11.13"]
[Round "3"]
[White "Willmoth, Robert F"]
[Black "Mangione, Claudio"]
[Result "1/2-1/2"]
[WhiteElo "2238"]
[BlackElo "2099"]
[PlyCount "112"]
[EventDate "2010.11.12"]
[EventType "swiss"]
[EventRounds "5"]
[EventCountry "ENG"]
[SourceTitle "BritBase"]
[Source "John Saunders"]
[SourceDate "2024.12.03"]
[SourceVersion "1"]
[SourceVersionDate "2024.12.03"]
[SourceQuality "1"]

1. e4 g6 2. Nc3 d6 3. f4 Bg7 4. Nf3 c6 5. g3 e5 6. d3 Ne7 7. Be3 O-O 8. Qd2 exf4 9. Bxf4 d5 10. Bh6 Bg4 11. Bg2 Nd7 12. h3 Bxf3 13. Bxf3 Ne5 14. Bg2 d4 15. Ne2 c5 16. g4 N7c6 17. O-O c4 18. Bxg7 Kxg7 19. Nf4 h6 20. Rf2 cxd3 21. cxd3 Qa5 22. Qd1 Ne7 23. h4 Rac8 24. Bh3 Rc5 25. a3 Qc7 26. Qd2 Rc8 27. g5 Rc1+ 28. Rxc1 Qxc1+ 29. Kg2 Qxd2 30. Rxd2 Rc5 31. gxh6+ Kxh6 32. Ne2 N5c6 33. Kg3 g5 34. hxg5+ Rxg5+ 35. Kf2 f5 36. Bg2 Ng6 37. Bf3 Nh4 38. b4 a6 39. Bh1 Kg7 40. exf5 Nxf5 41. Be4 Kf6 42. Bxc6 bxc6 43. Rc2 Ne7 44. Nxd4 Rd5 45. Ke3 Rd6 46. Rf2+ Ke5 47. Nb3 Rd5 48. Rf7 Kd6 49. Nc5 a5 50. Rf6+ Kc7 51. Ke4 axb4 52. axb4 Rh5 53. Rf7 Kd6 54. Rf6+ Kc7 55. Ne6+ Kb6 56. Nd4 Kc7 1/2-1/2

[Event "e2e4 Brighton Open"]
[Site "Brighton"]
[Date "2010.11.14"]
[Round "4"]
[White "Ackley, Peter JE"]
[Black "Andreev, Peter"]
[Result "1/2-1/2"]
[WhiteElo "2035"]
[BlackElo "1864"]
[PlyCount "84"]
[EventDate "2010.11.12"]
[EventType "swiss"]
[EventRounds "5"]
[EventCountry "ENG"]
[SourceTitle "BritBase"]
[Source "John Saunders"]
[SourceDate "2024.12.03"]
[SourceVersion "1"]
[SourceVersionDate "2024.12.03"]
[SourceQuality "1"]

1. c4 Nf6 2. g3 g6 3. Bg2 Bg7 4. Nc3 O-O 5. Rb1 c5 6. a3 e6 7. b4 cxb4 8. axb4 d5 9. cxd5 Nxd5 10. Nxd5 exd5 11. d4 Bf5 12. Rb3 Nc6 13. e3 Qe7 14. Ne2 Nxb4 15. Qd2 a5 16. O-O Rfd8 17. Ba3 Bf8 18. Bxb4 axb4 19. Nf4 Be4 20. f3 Bf5 21. g4 Be6 22. Nd3 Ra3 23. Rfb1 Rxb3 24. Rxb3 Qc7 25. Nxb4 Ra8 26. Qb2 Qc4 27. Bf1 Ra1 28. Qxa1 Qxb3 29. Nd3 Bh6 30. Qe1 Bd7 31. Qd2 f5 32. gxf5 Bxf5 33. f4 Bf8 34. Kf2 b5 35. Nc5 Qb1 36. Bg2 Be4 37. Nxe4 dxe4 38. Bf1 Bd6 39. Qe2 b4 40. Qc4+ Kg7 41. Qe6 Qc2+ 42. Be2 b3 1/2-1/2

[Event "e2e4 Brighton Open"]
[Site "Brighton"]
[Date "2010.11.14"]
[Round "4"]
[White "Cannon, Raymond Charles"]
[Black "Doran, Michael J"]
[Result "1-0"]
[WhiteElo "2068"]
[BlackElo "1870"]
[PlyCount "59"]
[EventDate "2010.11.12"]
[EventType "swiss"]
[EventRounds "5"]
[EventCountry "ENG"]
[SourceTitle "BritBase"]
[Source "John Saunders"]
[SourceDate "2024.12.03"]
[SourceVersion "1"]
[SourceVersionDate "2024.12.03"]
[SourceQuality "1"]

1. e4 e6 2. d4 d5 3. Nd2 Nf6 4. e5 Nfd7 5. Bd3 c5 6. c3 Nc6 7. Ne2 cxd4 8. cxd4 f6 9. exf6 Qxf6 10. Nf3 Bd6 11. Bg5 Qf7 12. O-O O-O 13. Bh4 h6 14. Nc3 a6 15. Bg3 Bf4 16. Qe2 Nb6 17. a3 Bd7 18. Bc2 g5 19. Qd3 e5 20. dxe5 Bf5 21. Qxf5 Qxf5 22. Bxf5 Rxf5 23. Bxf4 Rxf4 24. Rfe1 Re8 25. Rad1 Ne7 26. e6 Rf6 27. a4 Rf4 28. a5 Nc4 29. Nxd5 Nxa5 30. Nxf4 1-0

[Event "e2e4 Brighton Open"]
[Site "Brighton"]
[Date "2010.11.14"]
[Round "4"]
[White "Castruccio, Angelo"]
[Black "Kane, Robert"]
[Result "1/2-1/2"]
[WhiteElo "2010"]
[BlackElo "1875"]
[PlyCount "43"]
[EventDate "2010.11.12"]
[EventType "swiss"]
[EventRounds "5"]
[EventCountry "ENG"]
[SourceTitle "BritBase"]
[Source "John Saunders"]
[SourceDate "2024.12.03"]
[SourceVersion "1"]
[SourceVersionDate "2024.12.03"]
[SourceQuality "1"]

1. d4 Nf6 2. Nf3 e6 3. c4 c5 4. g3 a6 5. Bg2 cxd4 6. Nxd4 Qc7 7. b3 Nc6 8. O-O Be7 9. Bb2 O-O 10. Nc3 b6 11. Nc2 Bb7 12. e4 Rac8 13. Rc1 Qb8 14. Kh1 b5 15. Ne3 Na5 16. cxb5 axb5 17. e5 Ne8 18. Ne4 Rxc1 19. Qxc1 Nc6 20. f4 Qa8 21. Qb1 f5 22. Nc3 1/2-1/2

[Event "e2e4 Brighton Open"]
[Site "Brighton"]
[Date "2010.11.14"]
[Round "4"]
[White "Compton, Alistair"]
[Black "Cannon, Richard James"]
[Result "0-1"]
[WhiteElo "2045"]
[BlackElo "2119"]
[PlyCount "76"]
[EventDate "2010.11.12"]
[EventType "swiss"]
[EventRounds "5"]
[EventCountry "ENG"]
[SourceTitle "BritBase"]
[Source "John Saunders"]
[SourceDate "2024.12.03"]
[SourceVersion "1"]
[SourceVersionDate "2024.12.03"]
[SourceQuality "1"]

1. e4 e6 2. d4 d5 3. Nc3 Nf6 4. e5 Nfd7 5. f4 c5 6. Nf3 Nc6 7. Be3 a6 8. Qd2 b5 9. a3 Qb6 10. Ne2 c4 11. f5 exf5 12. Nf4 Ne7 13. g3 h6 14. h4 g6 15. Bg2 Bb7 16. O-O Bg7 17. Rfe1 Nf8 18. e6 Nxe6 19. Nxe6 fxe6 20. Bf4 Bc8 21. Ne5 Ra7 22. c3 Kf8 23. Bh3 g5 24. Be3 Bf6 25. Rf1 Rg8 26. h5 Kg7 27. Kh1 Rc7 28. g4 Qb7 29. Bg2 Qb6 30. Rae1 Qd6 31. Rf2 Qd8 32. Ref1 Rf8 33. Qc2 Qe8 34. Bf3 a5 35. Rg2 Bxe5 36. dxe5 fxg4 37. Rxg4 Rxf3 38. Bxg5 Qxh5+ 0-1

[Event "e2e4 Brighton Open"]
[Site "Brighton"]
[Date "2010.11.14"]
[Round "4"]
[White "Millward, Richard"]
[Black "Messam-Sparks, Lateefah"]
[Result "1-0"]
[WhiteElo "2107"]
[BlackElo "1917"]
[PlyCount "125"]
[EventDate "2010.11.12"]
[EventType "swiss"]
[EventRounds "5"]
[EventCountry "ENG"]
[SourceTitle "BritBase"]
[Source "John Saunders"]
[SourceDate "2024.12.03"]
[SourceVersion "1"]
[SourceVersionDate "2024.12.03"]
[SourceQuality "1"]

1. e4 c5 2. Nf3 d6 3. d4 cxd4 4. Nxd4 Nf6 5. Nc3 e6 6. Be3 Be7 7. Bc4 Nc6 8. Bb3 O-O 9. O-O a6 10. Nxc6 bxc6 11. f4 Bb7 12. Qe2 Qc7 13. f5 exf5 14. exf5 d5 15. Bf4 Bd6 16. Bxd6 Qxd6 17. Rae1 Rae8 18. Qf3 Ba8 19. Ne2 Ne4 20. Qf4 Qf6 21. c3 Nd6 22. Ng3 Rxe1 23. Rxe1 Bb7 24. Nh5 Qxf5 25. Qxd6 Qxh5 26. Qd7 Ba8 27. Re8 f6 28. Rxf8+ Kxf8 29. Qd6+ Kf7 30. Qd7+ Kf8 31. Qa7 Qe8 32. Kf2 Qc8 33. Qc5+ Ke8 34. Bc2 Qc7 35. Bxh7 Qf4+ 36. Kg1 Qc1+ 37. Kf2 Qd2+ 38. Kf3 Qd1+ 39. Kg3 Qe1+ 40. Qf2 Qe5+ 41. Qf4 Kf7 42. Bd3 Bb7 43. Qxe5 fxe5 44. b4 Kf6 45. Be2 Bc8 46. Kf2 Kg5 47. Ke3 Kf5 48. h4 Kf6 49. a4 Kf5 50. g4+ Kf6 51. Kf3 Bb7 52. Kg3 Bc8 53. g5+ Kg6 54. Bg4 Bf5 55. Be2 Bc8 56. Bd3+ Kh5 57. c4 d4 58. c5 Bb7 59. Be4 Ba8 60. b5 axb5 61. axb5 d3 62. Bxd3 cxb5 63. Bxb5 1-0

[Event "e2e4 Brighton Open"]
[Site "Brighton"]
[Date "2010.11.14"]
[Round "4"]
[White "Morris-Hill, Ray"]
[Black "Millward, Kevin Philip"]
[Result "1-0"]
[WhiteElo "2031"]
[BlackElo "1954"]
[PlyCount "85"]
[EventDate "2010.11.12"]
[EventType "swiss"]
[EventRounds "5"]
[EventCountry "ENG"]
[SourceTitle "BritBase"]
[Source "John Saunders"]
[SourceDate "2024.12.03"]
[SourceVersion "1"]
[SourceVersionDate "2024.12.03"]
[SourceQuality "1"]

1. e4 b6 2. Nf3 Bb7 3. d3 e6 4. g3 c5 5. Bg2 g6 6. O-O Bg7 7. Qe2 Nc6 8. c3 Nge7 9. Na3 O-O 10. Nc2 d5 11. e5 a5 12. h4 h6 13. Bf4 b5 14. d4 Ba6 15. Qd2 cxd4 16. cxd4 b4 17. Rfc1 Kh7 18. Ne3 Qb6 19. Rc2 Rfc8 20. Rac1 Na7 21. Ng4 Nf5 22. Nf6+ Bxf6 23. exf6 Nb5 24. Rxc8 Bxc8 25. g4 Nfd6 26. Bxh6 Ne4 27. Qf4 Nxd4 28. Nxd4 Qxd4 29. Bg7 g5 30. Bxe4+ Qxe4 31. Qxg5 Qg6 32. Qxg6+ fxg6 33. Rc7 e5 34. Bf8+ Kg8 35. Bd6 Be6 36. Rg7+ Kh8 37. Rxg6 Ra7 38. Bxe5 Kh7 39. h5 a4 40. g5 a3 41. Rh6+ Kg8 42. f7+ Kf8 43. Rh8+ 1-0

[Event "e2e4 Brighton Open"]
[Site "Brighton"]
[Date "2010.11.14"]
[Round "4"]
[White "Norinkeviciute, Rasa"]
[Black "Bennett, Patrick"]
[Result "1/2-1/2"]
[WhiteElo "2028"]
[BlackElo "2073"]
[PlyCount "141"]
[EventDate "2010.11.12"]
[EventType "swiss"]
[EventRounds "5"]
[EventCountry "ENG"]
[SourceTitle "BritBase"]
[Source "John Saunders"]
[SourceDate "2024.12.03"]
[SourceVersion "1"]
[SourceVersionDate "2024.12.03"]
[SourceQuality "1"]

1. c4 Nf6 2. g3 g6 3. Bg2 Bg7 4. Nc3 O-O 5. d3 d6 6. e4 Nbd7 7. Nge2 a6 8. O-O Rb8 9. a4 c6 10. b4 b5 11. axb5 axb5 12. cxb5 cxb5 13. Ra5 Ne5 14. Nd4 Bg4 15. f3 Bd7 16. Kh1 Nc6 17. Nxc6 Bxc6 18. d4 Ra8 19. Rxa8 Qxa8 20. Bb2 Rc8 21. Qd3 Qb8 22. Ra1 Bd7 23. Bf1 Rc4 24. Na2 Ne8 25. Qd2 Rc8 26. Nc3 Nc7 27. Ra5 Qb6 28. d5 Qd4 29. Qxd4 Bxd4 30. Nd1 Bxb2 31. Nxb2 e6 32. dxe6 Nxe6 33. Bd3 Nd4 34. Kg2 Rc3 35. Kf2 Rb3 36. Ke3 Nc6 37. Ra8+ Kg7 38. Nd1 Nxb4 39. Nf2 Be6 40. Rd8 d5 41. Kd2 Nxd3 42. Nxd3 dxe4 43. fxe4 Bc4 44. Ne5 Be6 45. Nd3 Ra3 46. Rb8 Ra2+ 47. Ke3 Bc4 48. Ne5 Rxh2 49. Nxc4 bxc4 50. Rc8 Rc2 51. e5 g5 52. Rc6 Rc3+ 53. Kf2 g4 54. Rc7 Kf8 55. e6 fxe6 56. Rxh7 Rf3+ 57. Kg2 c3 58. Rc7 Rd3 59. Kf2 e5 60. Rc4 Ke7 61. Rxg4 c2 62. Rc4 Rd2+ 63. Ke3 Rh2 64. Ke4 Kd6 65. Rc8 Rd2 66. Ke3 Rg2 67. Kf3 Rh2 68. Ke4 Kd7 69. Rc3 Re2+ 70. Kf3 Rd2 71. Ke3 1/2-1/2

[Event "e2e4 Brighton Open"]
[Site "Brighton"]
[Date "2010.11.14"]
[Round "4"]
[White "Player, Edmund C"]
[Black "Garnett, John S"]
[Result "1-0"]
[WhiteElo "2187"]
[BlackElo "2035"]
[PlyCount "75"]
[EventDate "2010.11.12"]
[EventType "swiss"]
[EventRounds "5"]
[EventCountry "ENG"]
[SourceTitle "BritBase"]
[Source "John Saunders"]
[SourceDate "2024.12.03"]
[SourceVersion "1"]
[SourceVersionDate "2024.12.03"]
[SourceQuality "1"]

1. e4 c5 2. Nc3 g6 3. g3 Bg7 4. Bg2 Nc6 5. d3 d6 6. Be3 e6 7. Qd2 Rb8 8. Nge2 Nd4 9. Nd1 b5 10. Nc1 Qc7 11. O-O Bd7 12. c3 Nc6 13. d4 cxd4 14. cxd4 Nge7 15. Nb3 Rc8 16. f4 O-O 17. Nf2 d5 18. e5 Nf5 19. Nd3 Nxe3 20. Qxe3 Na5 21. Nbc5 Nc4 22. Qc1 Rfd8 23. b3 Nb6 24. Qd2 Bc6 25. g4 Nd7 26. f5 Nxc5 27. Nxc5 exf5 28. gxf5 gxf5 29. Bh3 Kh8 30. Bxf5 Rg8 31. Kh1 Bxe5 32. Qh6 Rg7 33. Rg1 Rcg8 34. Rxg7 Rxg7 35. Rg1 Qd6 36. Ne6 Rxg1+ 37. Kxg1 Bxd4+ 38. Kf1 1-0

[Event "e2e4 Brighton Open"]
[Site "Brighton"]
[Date "2010.11.14"]
[Round "4"]
[White "Radovanovic, Jovica"]
[Black "Harvey, Marcus Ross"]
[Result "1-0"]
[WhiteElo "2276"]
[BlackElo "2098"]
[PlyCount "39"]
[EventDate "2010.11.12"]
[EventType "swiss"]
[EventRounds "5"]
[EventCountry "ENG"]
[SourceTitle "BritBase"]
[Source "John Saunders"]
[SourceDate "2024.12.03"]
[SourceVersion "1"]
[SourceVersionDate "2024.12.03"]
[SourceQuality "1"]

1. e4 e6 2. d4 d5 3. Nc3 Nf6 4. e5 Nfd7 5. f4 c5 6. Nf3 Nc6 7. Be3 Qb6 8. Na4 Qa5+ 9. c3 b5 10. Nxc5 Nxc5 11. dxc5 b4 12. a3 bxc3 13. b4 c2 14. Qd2 Qa4 15. Bd3 c1=Q+ 16. Qxc1 a5 17. b5 Qb3 18. Qc2 Qxc2 19. Bxc2 d4 20. Be4 1-0

[Event "e2e4 Brighton Open"]
[Site "Brighton"]
[Date "2010.11.14"]
[Round "4"]
[White "Seyfried, Claus"]
[Black "Haria, Ravi"]
[Result "0-1"]
[WhiteElo "2160"]
[BlackElo "1952"]
[PlyCount "62"]
[EventDate "2010.11.12"]
[EventType "swiss"]
[EventRounds "5"]
[EventCountry "ENG"]
[SourceTitle "BritBase"]
[Source "John Saunders"]
[SourceDate "2024.12.03"]
[SourceVersion "1"]
[SourceVersionDate "2024.12.03"]
[SourceQuality "1"]

1. e4 e6 2. d4 d5 3. Nd2 Nf6 4. e5 Nfd7 5. Bd3 c5 6. c3 Nc6 7. Ne2 cxd4 8. cxd4 f6 9. exf6 Nxf6 10. Nf3 Bd6 11. O-O Qc7 12. Bg5 O-O 13. Bh4 Nh5 14. Qc2 h6 15. Bg6 Rxf3 16. Bxh5 Rf5 17. Bg6 Bxh2+ 18. Kh1 Bd6 19. Bxf5 exf5 20. Rae1 Qf7 21. Bg3 Bb4 22. Rd1 Bd7 23. Qb3 Qh5+ 24. Kg1 Qxe2 25. a3 Ba5 26. Qxd5+ Be6 27. Qc5 Bb6 28. Qc3 Bd5 29. Rfe1 Qg4 30. Qe3 Bxd4 31. Rxd4 Qxd4 0-1

[Event "e2e4 Brighton Open"]
[Site "Brighton"]
[Date "2010.11.14"]
[Round "4"]
[White "Tippleston, Charles E"]
[Black "Gibbs, Dominic V"]
[Result "1/2-1/2"]
[WhiteElo "2150"]
[BlackElo "1941"]
[PlyCount "46"]
[EventDate "2010.11.12"]
[EventType "swiss"]
[EventRounds "5"]
[EventCountry "ENG"]
[SourceTitle "BritBase"]
[Source "John Saunders"]
[SourceDate "2024.12.03"]
[SourceVersion "1"]
[SourceVersionDate "2024.12.03"]
[SourceQuality "1"]

1. e4 e6 2. d4 d5 3. Nd2 Nf6 4. e5 Nfd7 5. Bd3 c5 6. c3 Nc6 7. Ne2 cxd4 8. cxd4 f6 9. exf6 Nxf6 10. O-O Bd6 11. Nf3 O-O 12. Bf4 Bxf4 13. Nxf4 Ne4 14. Ne2 Rxf3 15. gxf3 Ng5 16. Kh1 e5 17. Ng1 Nxd4 18. f4 Ngf3 19. Nxf3 Bg4 20. Bxh7+ Kh8 21. Nxd4 Bxd1 22. Raxd1 exd4 23. Bd3 Qf6 1/2-1/2

[Event "e2e4 Brighton Open"]
[Site "Brighton"]
[Date "2010.11.14"]
[Round "4"]
[White "Tozer, Philip A"]
[Black "Amato, Giampiero"]
[Result "1-0"]
[WhiteElo "2123"]
[BlackElo "1979"]
[PlyCount "33"]
[EventDate "2010.11.12"]
[EventType "swiss"]
[EventRounds "5"]
[EventCountry "ENG"]
[SourceTitle "BritBase"]
[Source "John Saunders"]
[SourceDate "2024.12.03"]
[SourceVersion "1"]
[SourceVersionDate "2024.12.03"]
[SourceQuality "1"]

1. c4 c5 2. g3 g6 3. Bg2 Bg7 4. Nc3 Nc6 5. Nf3 e6 6. d3 Nge7 7. Bg5 O-O 8. Qd2 Re8 9. Ne4 d6 10. Nf6+ Bxf6 11. Bxf6 e5 12. h4 Qa5 13. h5 Qxd2+ 14. Kxd2 Nf5 15. hxg6 fxg6 16. Ng5 Rf8 17. Bd5+ 1-0